000 01092nas a2200277 4500
001 BR8803200
003 BR-BrBNA
005 20231205091147.0
007 ta
008 230509b bl.|||p| |||| 00| 00por d
040 _aBR-BrBNA
_bpor
_cBiblioteca Nacional de Agricultura
041 _a(Pt)
072 _aM11
100 1 _aGiamas, M.T.D.
100 1 _aVermulm Junior, H.
100 1 _aSantos, L.E.
100 1 _aSouza, J.N. de
245 1 _aEstimativa da producao comercial da manjuba, Anchoviela lepidentostole (Fowler, 1911), no rio ribeira e Iguape, em registro, Sao Paulo
246 1 _a[Estimate of the commercial production of "manguba", Anchoviella lepidentostole (Fowler, 1911)(Osteichthyes, Engraulidae)from Ribeira of Iguape river, registo Sao Paulo, state, Brazil]
650 _aENCHOVA
650 _aPESCA
650 _aSAO PAULO
773 0 _tRevista da Faculdade de Medicina Veterinaria e Zootecnia da Universidade de Sao Paulo (Brazil)
_xISSN 0303-7525
_g(1987), v. 24(1) p. 71-74
_wBR8803200
909 _a202311
_bLúcia
_c55
_dLúcia Elande
942 _2AGRIS
_n0
_cANA
999 _c123228
_d123228